000
00300nam a22001337a 4500
020
_a
1-56847-054-1
082
_a
633
_b
REE/F
100
_a
REED KING,SUSAN
245
_a
FOOD AND FARMING
260
_a
NEW YORK
_b
THOMSON LEARNING
300
_a
32
650
_a
GENERAL KNOWLEDGE
_z
NEW YORK
942
_c
BK
999
_c
2183
_d
2183